000 00377 a2200157 4500
001 57647
020 _a8526212133
040 _cAnchieta - Pituba
100 _aMachado, Nílson José
240 1 0 _aPolígonos, centopéias e outros bichos
_lpor
245 1 0 _aPolígonos, centopéias e outros bichos
300 _a36
362 0 _a2000
650 4 _aMatemática
942 _cBK
999 _c57647
_d57647